000 00663nam a2200253 a 4500
001 nice12345678
003 IN_TiNIC
005 20260116012645.0
008 050524s1980 dela grp 000 0 eng
020 _a
_c15
082 0 0 _a297.122
_bIRV
100 _aIrving, Thomas Ballantine
245 _aQuran
_b Basic Teachings.
260 _aDelhi
_bMarkazi Maktaba Jamat-E-Islami
_c1980
300 _a280p.
500 _aincludes index and biblioraphy
505 2 _aIshaat-E-Islam Trust Pub. No.469
650 _aQuran-Appreciation
700 1 _aAhmad, Khurshid
700 1 _aAhsan, Muhammad Manazir
902 _bSRS
942 _cBK
999 _c7831
_d7831